|
|
|
|
| LEADER |
00902nam a2200229 a 4500 |
| 001 |
3510074 |
| 008 |
100624r2000 enka 000 0 eng d |
| 010 |
|
|
|a \\\95107366
|
| 020 |
|
|
|a 8174760679 (pbk.)
|
| 040 |
|
|
|a DLC
|c DLC
|d BD-DhAAL
|
| 082 |
0 |
4 |
|a 808.51
|2 21
|
| 100 |
1 |
|
|a Denny, Richard.
|
| 245 |
1 |
0 |
|a Speak for yourself :
|b tested techniques for improving your communication and presentation skills /
|c Richard Denny.
|
| 260 |
|
|
|a London :
|b Kogan Page ;
|a New Delhi :
|b USB Publishers' Distributors Ltd.,
|c 2000 [reprinted].
|
| 300 |
|
|
|a 128 p. :
|b ill. ;
|c 22 cm.
|
| 541 |
1 |
|
|e 00009536
|
| 650 |
0 |
|
|a Public speaking.
|
| 650 |
0 |
|
|a Self-presentation.
|
| 852 |
4 |
|
|a Ayesha Abed Library
|j General Shelf
|
| 942 |
0 |
0 |
|0 1
|
| 999 |
|
|
|c 9084
|d 9084
|
| 952 |
|
|
|0 0
|1 0
|2 ddc
|4 0
|6 808_510000000000000_DEN_2000
|7 0
|9 11251
|a BRACUL
|b BRACUL
|c GEN
|d 2010-06-24
|l 14
|m 144
|o 808.51 DEN
|p 3010009536
|r 2025-10-13
|s 2025-08-24
|t 1
|w 2010-06-24
|y BK
|